Central Library OPAC University of Rajshahi

Thermoelectricity : (Record no. 71909)

MARC details
000 -LEADER
fixed length control field 00726nam a2200229 a 4500
001 - CONTROL NUMBER
control field 71909
003 - CONTROL NUMBER IDENTIFIER
rucl marc code BD-RjUL
005 - DATE AND TIME OF LATEST TRANSACTION
control field 20211209082201.0
008 - FIXED-LENGTH DATA ELEMENTS--GENERAL INFORMATION
fixed length control field 170508s1961 nyua b 001 0 eng c
035 ## - SYSTEM CONTROL NUMBER
System control number (BD-RjUL)72125
040 ## - CATALOGING SOURCE
Original cataloging agency DLC/ICU
Transcribing agency CGU
Modifying agency OCL
-- WSU
-- UKM
-- EQO
Language of cataloging eng
041 ## - LANGUAGE CODE
Language code of text/sound track or separate title eng
082 0# - DEWEY DECIMAL CLASSIFICATION NUMBER
Edition number 23
Classification number 537.65
Author mark and year HET 1961
100 1# - MAIN ENTRY--PERSONAL NAME
Personal name Heikes, Robert R.
9 (RLIN) 212699
245 00 - TITLE STATEMENT
Title Thermoelectricity :
Remainder of title science and engineering /
Statement of responsibility, etc. Robert R. Heikes and Roland W. Ure, Jr.
260 ## - PUBLICATION, DISTRIBUTION, ETC. (IMPRINT)
Place of publication, distribution, etc. New York :
Name of publisher, distributor, etc. Interscience Publishers,
Date of publication, distribution, etc. 1961.
300 ## - PHYSICAL DESCRIPTION
Pagination 576 p. :
Illustrations ill. ;
Size 24 cm.
504 ## - BIBLIOGRAPHY, ETC. NOTE
Bibliography, etc Includes bibliography and index
650 #0 - SUBJECT ADDED ENTRY--TOPICAL TERM
Topical term or geographic name as entry element Thermoelectricity.
9 (RLIN) 200970
700 1# - ADDED ENTRY--PERSONAL NAME
Personal name Ure, Roland W.,
Dates associated with a name 1925-
942 ## - ADDED ENTRY ELEMENTS (KOHA)
Source of classification or shelving scheme Dewey Decimal Classification
Koha item type Books
Holdings
Lost status Source of classification or shelving scheme Damaged status Not for loan Collection code Permanent Location Current Location Shelving location Date acquired Source of acquisition Cost, normal purchase price Total Checkouts Full call number Date last seen Copy number Koha item type
  Dewey Decimal Classification   Not For Loan Non-fiction Central Library, University of Rajshahi Central Library, University of Rajshahi Reading Room 27/02/1967 Commercial Pak. 92.50   537.65 HET 1961 09/05/2017 C-1 Books